000
00193 a2200097 4500
001
8243
100
_a
Dumas, A
245
_a
Twenty years after
260
_a
_b
Collins
_c
090
_c
6627
_d
6627
942
_a
NUST-CAE
_c
M
_c
33186
999
_c
243316
_d
243316